| 000 | 00577nam a2200217Ia 4500 | ||
|---|---|---|---|
| 003 | LK-CoDNM | ||
| 005 | 20240930121258.0 | ||
| 008 | 010623t xxu||||| |||| 00| 1 Illegeable d | ||
| 040 |
_aLK-CoDNM _dLK-CoDNM _eLK-CoDNM |
||
| 041 | _aIllegeable | ||
| 080 |
_a24 _bN31 |
||
| 100 | _aDubois,N.A. | ||
| 245 | _aCeuvres completes de M.V.Martial II | ||
| 260 |
_bLibrairie Garnier Freres _aParis |
||
| 300 | _b403p. ; 18 cm | ||
| 650 | _aCeuvres completes de M.V.Martial II | ||
| 650 | _aDubois,N.A. | ||
| 700 | _aMangeart,J. | ||
| 700 | _aVerger,M.V. | ||
| 942 | _cBK | ||
| 999 |
_c133912 _d133912 |
||